Statistics for Math - Using Sports

Click here to take the quiz!

General Stats

  • This quiz has been taken 22 times
  • The average score is 8 of 14

Answer Stats

HintAnswer% Correct
The value of the first "point" in tennis minus the value of a safety in American football.13
90%
A touchdown plus a grand slam.10
81%
The highest point total of one dart divided by the number of Super Bowl rings earned by Joe Montana.15
81%
The number of home runs Roger Maris hit in 1961 minus the amounts of penalty minutes received in hockey for a Major Penalty.56
67%
The number of points a "try" is worth in Rugby Union times the number of points a "try" is worth in Rugby League.20
57%
The value of the all-black ball in pool times the minutes of a full soccer (fútbol) match with no added/injury/stoppage time.720
57%
The number of minutes that Roger Bannister ran a mile under times the number of World Cups won by the USA.0
52%
The number of Championships won by Bill Russell times the number of laps around a standard track for 1 mile.44
52%
A perfect score in bowling, plus the number of Lance Armstrong's stripped Tour de France titles.307
48%
The sum of the two jersey numbers worn by Michael Jordan during his time(s) with the Bulls68
48%
The age Maria Sharapova won Wimbledon, plus the number of Grand Slam Singles titles won by Steffi Graf.39
43%
The points needed to win a beach volleyball game times Nadia Comăneci's famous score.210
38%
The number of players in the pool at any time for one water polo team plus the year of the first modern Olympics.1903
24%
The length in meters of an Olympic-sized pool times the minimum seconds you must ride a bull.400
24%

Score Distribution

Percentile by Number Answered

Percent of People with Each Score

Your Score History

You have not taken this quiz